[Event "FSGM December"]
[Site "Budapest HUN"]
[Date "2003.12.09"]
[Round "4"]
[White "Vajda,Al1"]
[Black "Carlsen,M"]
[Result "1/2-1/2"]
[WhiteElo "2477"]
[BlackElo "2450"]

1.e4 c5 2.Nf3 d6 3.Bb5+ Bd7 4.Bxd7+ Qxd7 5.O-O Nf6 6.Re1 Nc6 7.c4 g6 8.d4 cxd4
9.Nxd4 Bg7 10.Nc3 O-O 11.Nde2 Qe6 12.Qb3 Na5 13.Qb4 b6 14.Nd5 Qxe4 15.Nef4 Qxc4
16.Nxe7+ Kh8 17.Qxc4 Nxc4 18.b3 Ng8 19.Rb1 Nxe7 20.Rxe7 Rfe8 21.Rxe8+ Rxe8
22.Kf1 Bc3 23.Ne2 Nd2+ 24.Bxd2 Bxd2 25.Rd1 Bb4 26.Rd4 a5 27.Rc4 Kg7 28.Rc6 d5
29.Rxb6 d4 30.a3 Bxa3 31.Nf4 Rc8 32.Ke2 Rc2+ 33.Kf3 Bb4 34.Nd3 Rc3 35.Ke4 Rxb3
36.Rb7 Kg8 37.Rb8+ Kg7 38.Rb7 Kg8 39.Rb8+ Kg7 40.Rb7 Kg8  1/2-1/2

[Event "ch-IND National A"]
[Site "Calicut IND"]
[Date "2003.12.10"]
[Round "11"]
[White "Sareen,V"]
[Black "Singh,SV"]
[Result "0-1"]
[WhiteElo "2367"]
[BlackElo "2342"]

1.e4 c5 2.Nf3 d6 3.Bb5+ Bd7 4.Bxd7+ Qxd7 5.c4 Nf6 6.Nc3 Nc6 7.O-O g6 8.d4 cxd4
9.Nxd4 Bg7 10.Nde2 O-O 11.f3 e6 12.Bg5 h6 13.Bh4 g5 14.Bg3 Rad8 15.f4 d5
16.fxg5 hxg5 17.exd5 exd5 18.Rxf6 Bxf6 19.Nxd5 Bxb2 20.Qd2 Bg7 21.Qxg5 f6
22.Qh4 Rde8 23.Nef4 Qf5 24.Rf1 Re4 25.Qh5 Qxh5 26.Nxh5 f5 27.Bd6 Rf7 28.c5 Bd4+
29.Kh1 Re2 30.a4 Ra2 31.g3 Rxa4 32.Kg2 Ra2+ 33.Kh3 Re2 34.Kh4 Re4+ 35.Ndf4 a5
36.Kg5 a4 37.Rf3 Re3  0-1

[Event "FSGM December"]
[Site "Budapest HUN"]
[Date "2003.12.11"]
[Round "6"]
[White "Drabke,L"]
[Black "Miton,K"]
[Result "0-1"]
[WhiteElo "2449"]
[BlackElo "2530"]

1.e4 c5 2.Nf3 d6 3.Bb5+ Nc6 4.O-O Bd7 5.Re1 Nf6 6.h3 e5 7.c3 Be7 8.d4 O-O
9.d5 Nb8 10.Bf1 Ne8 11.b4 cxb4 12.cxb4 Na6 13.a3 f5 14.exf5 Bxf5 15.Bd3 Qd7
16.Nc3 Nac7 17.Be3 Bd8 18.Bxf5 Qxf5 19.Nd2 Nf6 20.Nc4 Nce8 21.Rc1 Rf7 22.a4 a6
23.a5 Rc8 24.Na4 Qd7 25.f4 exf4 26.Bxf4 Qb5 27.Qb3 Qxd5 28.Red1 Qe6 29.Bxd6 Ne4
30.Nc5 Nxc5 31.Bxc5 Bh4 32.Qd3 Rd8 33.Qc2 Rxd1+ 34.Rxd1 Nc7 35.Nd6 Rd7 36.Nxb7 Nb5
37.Rf1 Bf6 38.Qf2 Rxb7 39.Re1 Qf7  0-1

[Event "22nd SEA Games Standard"]
[Site "Ho Chi Minh City VIE"]
[Date "2003.12.12"]
[Round "7"]
[White "Antonio,R"]
[Black "Liu Dede"]
[Result "1-0"]
[WhiteElo "2521"]
[BlackElo "2406"]

1.e4 c5 2.Nf3 d6 3.Bb5+ Bd7 4.Bxd7+ Nxd7 5.O-O Ngf6 6.Qe2 e5 7.c3 Be7 8.d4 O-O
9.Rd1 Qc7 10.Bg5 Rfe8 11.dxe5 dxe5 12.c4 Nf8 13.Nc3 Ne6 14.Bxf6 Bxf6 15.Nd5 Qd8
16.Rd3 g6 17.Qd2 Bg7 18.Re1 a6 19.a4 b6 20.h4 Ra7 21.h5 Qb8 22.h6 Bh8 23.b4 b5
24.axb5 axb5 25.cxb5 Qxb5 26.bxc5 Qxc5 27.Rc1 Qf8 28.Rdc3 Nf4 29.Rc7 Rxc7
30.Rxc7 Nxd5 31.Qxd5 Bf6 32.g4 g5 33.Kg2 Rd8 34.Qc4 Ra8 35.Qc6 Bd8 36.Rxf7 Kxf7
37.Nxe5+ Ke7 38.Qxa8 Qf4 39.Nc6+ Kd7 40.Qxd8+ Kxc6 41.Qd5+ Kb6 42.Qf5  1-0

[Event "XVI Carlos Torre Mem"]
[Site "Merida MEX"]
[Date "2003.12.12"]
[Round "1"]
[White "Garmendez,F"]
[Black "Martinez,Br"]
[Result "1-0"]
[WhiteElo "2391"]
[BlackElo "2059"]

1.e4 c5 2.Nf3 d6 3.Bb5+ Bd7 4.Bxd7+ Nxd7 5.c4 Ngf6 6.Nc3 e6 7.O-O Be7 8.b3 O-O
9.Bb2 Nb6 10.d4 cxd4 11.Nxd4 a6 12.Kh1 Qc7 13.f4 Rad8 14.Rc1 Qb8 15.Qf3 d5
16.cxd5 exd5 17.e5 Ne8 18.Nf5 Bb4 19.a3 Bxc3 20.Bxc3 Kh8 21.Bd4 Na8 22.Bc5 Rg8
23.Ne7 Rf8 24.Nxd5 Rg8 25.Ne7 Rf8 26.Nc6 bxc6 27.Bxf8 Nec7 28.Bd6 Qb5 29.Qxc6 Ne8
30.Qxb5 axb5 31.Be7 Rb8 32.Rfd1 Nac7 33.Rd8 Rb7 34.Rxc7 h6 35.Rxe8+ Kh7 36.Rxb7  1-0

[Event "CGT Magistral"]
[Site "Buenos Aires ARG"]
[Date "2003.12.13"]
[Round "3"]
[White "Valiente,C"]
[Black "Coelho,L"]
[Result "1/2-1/2"]
[WhiteElo "2324"]
[BlackElo "2378"]

1.e4 c5 2.Nf3 d6 3.Bb5+ Nd7 4.d4 Nf6 5.Nc3 cxd4 6.Qxd4 e5 7.Qd3 h6 8.a4 a6
9.Bxd7+ Bxd7 10.a5 Qc7 11.Be3 Be6 12.Nd2 Qc6 13.O-O d5 14.exd5 Nxd5 15.Nxd5 Bxd5
16.f3 Be7 17.c4 Be6 18.b3 O-O 19.Qe4 Qc7 20.f4 exf4 21.Bxf4 Bc5+ 22.Kh1 Qe7
23.Be3 Rad8 24.Nf3 Bxe3 25.Qxe3 Rd7 26.Ne5 Rd6 27.b4 Qg5 28.Qxg5 hxg5 29.c5 Rd5
30.Rfe1 Re8 31.Nc4 Rd4  1/2-1/2

[Event "TCh-BEL 2003-4"]
[Site "Belgium BEL"]
[Date "2003.12.14"]
[Round "1"]
[White "Schalkx,J"]
[Black "Van Mechelen,J"]
[Result "1/2-1/2"]
[WhiteElo "2265"]
[BlackElo "2308"]

1.e4 c5 2.Nf3 d6 3.Bb5+ Bd7 4.Bxd7+ Qxd7 5.O-O Nc6 6.b3 Nf6 7.Re1 g6 8.Bb2 Bg7
9.c4 O-O 10.d4 cxd4 11.Nxd4 Ng4 12.h3 Nge5 13.f4 Rad8 14.Na3 Nxd4 15.Bxd4  1/2-1/2

[Event "RUS-UKR Blitz g/3"]
[Site "bereg.ru INT"]
[Date "2003.12.14"]
[Round "1"]
[White "Baklan,V"]
[Black "Najer,E"]
[Result "1/2-1/2"]
[WhiteElo "2600"]
[BlackElo "2608"]

1.e4 c5 2.Nf3 d6 3.Bb5+ Bd7 4.Bxd7+ Qxd7 5.O-O Nc6 6.c3 Nf6 7.d4 cxd4 8.cxd4 Nxe4
9.d5 Ne5 10.Nxe5 dxe5 11.Re1 Nf6 12.Rxe5 g6 13.Nc3 Bg7 14.Qe2 Ng4 15.Re4 Nf6
16.Re5 Ng4 17.Re4 Nf6 18.Re5  1/2-1/2

[Event "RUS-UKR Blitz g/3"]
[Site "bereg.ru INT"]
[Date "2003.12.14"]
[Round "16"]
[White "Miroshnichenko,E"]
[Black "Virovlansky,S"]
[Result "1-0"]
[WhiteElo "2571"]
[BlackElo "2438"]

1.Nf3 c5 2.e4 d6 3.Bb5+ Bd7 4.Bxd7+ Qxd7 5.O-O Nc6 6.c3 Nf6 7.d4 e5 8.dxc5 dxc5
9.Qe2 Be7 10.Bg5 O-O 11.Nbd2 Qc7 12.Nc4 Ng4 13.h3 Bxg5 14.hxg4 Bd8 15.a4 Qd7
16.Nfxe5 Nxe5 17.Nxe5 Qe6 18.Nc4 Bc7 19.g3 Rfe8 20.Rfe1 b6 21.Kg2 a6 22.f3 b5
23.Ne3 Qe5 24.Qf2 Rad8 25.Rad1 bxa4 26.Rd5 Rxd5 27.Nxd5 h6 28.f4 Qd6 29.Qf3 Rb8
30.Re2 c4 31.e5 Qc5 32.Qe4 a3 33.bxa3 Rb3 34.a4 Ra3 35.e6 f5 36.Qxf5 Ra1
37.Nf6+ gxf6 38.Qxc5  1-0

[Event "FSGM December"]
[Site "Budapest HUN"]
[Date "2003.12.14"]
[Round "9"]
[White "Howell,D"]
[Black "Vajda,Al1"]
[Result "0-1"]
[WhiteElo "2381"]
[BlackElo "2477"]

1.e4 c5 2.Nf3 d6 3.Bb5+ Nd7 4.d4 Nf6 5.O-O cxd4 6.Qxd4 e5 7.Qd3 h6 8.Nc3 Be7
9.Be3 O-O 10.a4 Qc7 11.Bc4 Nc5 12.Bxc5 Qxc5 13.Nd5 Nxd5 14.Bxd5 Bd7 15.c3 Rab8
16.Nd2 Kh8 17.b4 Qc7 18.a5 Rbc8 19.c4 Be6 20.Ra2 Bxd5 21.Qxd5 Qc6 22.Qd3 Bg5
23.Rc1 b5 24.Rac2 bxc4 25.Rxc4 Qb5 26.R1c3 Rcd8 27.Nf1 f5 28.Qd5 Qa4 29.exf5 Rxf5
30.h4 Bf6 31.Ne3 Rf4 32.g3 Rd4 33.Qf3 Rxc4 34.Rxc4 d5 35.Nxd5 e4 36.Qh5 Qa2
37.Ne3 Bd4 38.Qd1 Qxc4 39.Nxc4 Bxf2+ 40.Kxf2 Rxd1 41.Ke3 Rb1 42.Kxe4 Rxb4
43.Kd5 Rb5+ 44.Kc6 a6 45.g4 g6 46.Kd6 Kg7 47.Kc6 Kf6 48.Kd6 Rb1 49.Kc6 Ke6
50.Nb6 Rb5 51.Nc4 h5 52.g5 Rb4 53.Kc5 Rb3 54.Kc6 Rb5 55.Nd6 Rxa5 56.Nb7 Ra1  0-1

[Event "1st GM"]
[Site "Kish IRI"]
[Date "2003.12.14"]
[Round "3"]
[White "Ardeshi,M"]
[Black "Mallahi,A"]
[Result "0-1"]
[WhiteElo "2339"]
[BlackElo "2382"]

1.e4 c5 2.Nf3 d6 3.Bb5+ Bd7 4.Bxd7+ Qxd7 5.c4 e5 6.Nc3 Ne7 7.d3 Nbc6 8.a3 g6
9.h4 h6 10.h5 g5 11.Nh2 f5 12.exf5 Nxf5 13.Ng4 Bg7 14.O-O O-O 15.Rb1 Ncd4
16.Be3 Nh4 17.Bxd4 exd4 18.Nd5 Rae8 19.b4 Kh8 20.f4 gxf4 21.Rxf4 Rxf4 22.Nxf4 Qf5
23.Nd5 b6 24.Nf2 Re5 25.g4 Qe6 26.Kf1 Qf7 27.Rb2 Re3 28.Re2 Rh3 29.Kg1 Rg3+
30.Kf1 Nf3 31.Re7 Nh2+ 32.Ke2 Qf3+ 33.Kd2 Qxf2+ 34.Re2 Qf1 35.Re8+ Kh7 36.Qxf1 Nxf1+
37.Ke2 Ne3 38.Nc7 Nxg4 39.Ra8 Re3+ 40.Kd2 Ne5 41.Rxa7 Rxd3+ 42.Ke2 Re3+ 43.Kd1 Nxc4  0-1

[Event "XVI Carlos Torre Mem"]
[Site "Merida MEX"]
[Date "2003.12.14"]
[Round "3"]
[White "Garmendez,F"]
[Black "Gonzalez Zamora,J"]
[Result "1/2-1/2"]
[WhiteElo "2391"]
[BlackElo "2473"]

1.e4 c5 2.Nf3 d6 3.Bb5+ Nd7 4.c4 Nf6 5.Nc3 a6 6.Ba4 g6 7.O-O Bg7 8.Re1 O-O
9.h3 Ne5 10.d3 Nfd7 11.Nh2 Nb6 12.Bb3 Nc6 13.Nd5 e6 14.Nxb6 Qxb6 15.Ng4 h5
16.Nh2 Bd7 17.Nf3 Qc7 18.Rb1 Nd4 19.Nxd4 Bxd4 20.Bh6 Bg7 21.Qd2 e5 22.Bd1 Kh7
23.Bxg7 Kxg7 24.Bxh5 gxh5 25.Qg5+ Kh7 26.Qxh5+ Kg7 27.Qg5+ Kh7 28.Qh5+ Kg7
29.Qg5+ Kh7 30.Re3 Qd8 31.Qh5+ Kg7 32.Rg3+ Kf6 33.b4 cxb4 34.Rxb4 b5 35.d4 Ke7
36.dxe5  1/2-1/2

[Event "ch-IND National A"]
[Site "Calicut IND"]
[Date "2003.12.16"]
[Round "18"]
[White "Venkatesh,M"]
[Black "Srinivasa Rao,M"]
[Result "1-0"]
[WhiteElo "2401"]
[BlackElo "2329"]

1.e4 c5 2.Nf3 d6 3.Bb5+ Bd7 4.Bxd7+ Qxd7 5.c4 Nc6 6.O-O Nf6 7.Nc3 e6 8.d4 cxd4
9.Nxd4 Be7 10.Nde2 O-O 11.Bg5 a6 12.b3 b5 13.cxb5 axb5 14.Nxb5 Nxe4 15.Bxe7 Qxe7
16.a4 d5 17.Rc1 Rfc8 18.Ned4 Nb4 19.f3 Rxc1 20.Qxc1 Nc5 21.Qc3 Ncd3 22.Rd1 e5
23.Nc6 Qg5 24.Qd2 Qxd2 25.Rxd2 Kf8 26.f4 f6 27.fxe5 fxe5 28.Nc7 Rc8 29.Nxb4 Nxb4
30.Nxd5 Rc1+ 31.Kf2 Nc6 32.b4 Nd4 33.b5 Rb1 34.b6 Nc6 35.Rc2 Nd4 36.Rc7 Rb2+
37.Ke3 Rb1 38.b7 Nf5+ 39.Ke4  1-0

[Event "Christmas Open"]
[Site "Zadar CRO"]
[Date "2003.12.16"]
[Round "2"]
[White "Djingarova,E"]
[Black "Fercec,N"]
[Result "0-1"]
[WhiteElo "2329"]
[BlackElo "2444"]

1.e4 c5 2.Nf3 d6 3.Bb5+ Nc6 4.O-O Bd7 5.Re1 Nf6 6.c3 a6 7.Bf1 Bg4 8.d3 e6
9.Nbd2 Be7 10.h3 Bh5 11.g4 Bg6 12.Nh4 Nd7 13.Ng2 h6 14.f4 Bh7 15.Nf3 O-O
16.Qe2 Kh8 17.Qf2 f5 18.exf5 exf5 19.g5 Nb6 20.Bd2 Nd5 21.c4 Nc7 22.Bc3 hxg5
23.Rxe7 Qxe7 24.Re1 Ne6 25.Nxg5 Nxg5 26.Qg3 Ne4 27.dxe4 fxe4 28.Bd3 Nd4 29.Nh4 Qxh4  0-1

[Event "CGT Magistral"]
[Site "Buenos Aires ARG"]
[Date "2003.12.17"]
[Round "7"]
[White "Valiente,C"]
[Black "Rodriguez,And URU"]
[Result "1/2-1/2"]
[WhiteElo "2324"]
[BlackElo "2498"]

1.e4 c5 2.Nf3 d6 3.Bb5+ Bd7 4.Bxd7+ Qxd7 5.O-O Nc6 6.b3 Nf6 7.Qe2 e6 8.Bb2 Be7
9.c4 O-O 10.d4 cxd4 11.Nxd4 Nxd4 12.Bxd4 Qc6 13.Nc3 e5 14.Nd5 Nxd5 15.cxd5 Qd7
16.Be3 f5 17.f3 a6 18.Rac1 Rac8 19.Rxc8 Rxc8 20.Rc1 Rxc1+ 21.Bxc1 Qc7 22.Qc4 Qa5  1/2-1/2

[Event "2nd Women's Masters"]
[Site "Belfort FRA"]
[Date "2003.12.19"]
[Round "5"]
[White "Klinova,M"]
[Black "Gaponenko,I"]
[Result "1/2-1/2"]
[WhiteElo "2378"]
[BlackElo "2409"]

1.e4 c5 2.Nf3 d6 3.Bb5+ Nd7 4.O-O a6 5.Bxd7+ Bxd7 6.d4 cxd4 7.Qxd4 e5 8.Qd3 h6
9.c4 Nf6 10.Nc3 Be7 11.a4 O-O 12.b3 b5 13.Nd2 Qb6 14.Rd1 Ng4 15.Rf1 Nf6 16.Rd1 Ng4
17.Qe2 Nf6 18.Qd3 Ng4  1/2-1/2

[Event "Christmas Open"]
[Site "Zadar CRO"]
[Date "2003.12.19"]
[Round "7"]
[White "Slamar,V"]
[Black "Jovanovic,Zo2"]
[Result "0-1"]
[WhiteElo "2280"]
[BlackElo "2448"]

1.e4 c5 2.Nf3 d6 3.Bb5+ Nd7 4.d3 a6 5.Ba4 Nf6 6.O-O g6 7.Nbd2 Bg7 8.c3 O-O
9.Qe2 e5 10.Bb3 b5 11.a4 Bb7 12.Re1 Qc7 13.axb5 axb5 14.c4  0-1

[Event "3rd NAO GM"]
[Site "Paris FRA"]
[Date "2003.12.20"]
[Round "6"]
[White "Maze,S"]
[Black "Murey,J"]
[Result "0-1"]
[WhiteElo "2464"]
[BlackElo "2465"]

1.e4 c5 2.Nf3 d6 3.Bb5+ Nd7 4.d4 Nf6 5.Nc3 cxd4 6.Qxd4 e5 7.Qd3 h6 8.h3 Be7
9.Be3 O-O 10.a4 Nb8 11.O-O Nc6 12.Bc4 Nb4 13.Qe2 a6 14.Rfd1 Qa5 15.Bb3 Kh7
16.Nd2 Be6 17.Nc4 Qc7 18.Nb6 Rad8 19.a5 Bxb3 20.cxb3 Qc6 21.Ra4 d5 22.Nbxd5 Nfxd5
23.exd5 Nxd5 24.Qd3+ e4 25.Rxe4 Nxc3 26.Rd4+ Ne4  0-1

[Event "3rd Amplico AIG Life Q/F"]
[Site "Warsaw POL"]
[Date "2003.12.21"]
[Round "3"]
[White "Glek,I"]
[Black "Akopian,Vl"]
[Result "1/2-1/2"]
[WhiteElo "2555"]
[BlackElo "2684"]

1.e4 c5 2.Nf3 d6 3.Bb5+ Nc6 4.O-O Bd7 5.Re1 Nf6 6.c3 a6 7.Bf1 Bg4 8.d3 e6
9.Nbd2 Be7 10.h3 Bh5 11.g4 Bg6 12.Nh4 Nd7 13.Ng2 e5 14.Nc4 h5 15.Be2 hxg4
16.Bxg4 Nf6 17.f4 b5 18.Nce3 exf4 19.Nxf4 Ne5 20.d4  1/2-1/2

[Event "ch-Arab m"]
[Site "Cairo EGY"]
[Date "2003.12.22"]
[Round "3"]
[White "Belkhodja,S"]
[Black "Al Zendani,Z"]
[Result "1-0"]
[WhiteElo "2439"]
[BlackElo "2309"]

1.e4 c5 2.Nf3 d6 3.Bb5+ Nc6 4.Bxc6+ bxc6 5.O-O e5 6.c3 Nf6 7.Re1 Be7 8.d4 cxd4
9.cxd4 Qc7 10.dxe5 dxe5 11.Nc3 O-O 12.Bg5 h6 13.Bxf6 Bxf6 14.Rc1 Qa5 15.Qa4 Qb6
16.Nd1 Bd7 17.Ne3 Be6 18.b3 Rfc8 19.Nc4 Qb8 20.Qa5 c5 21.Red1 Bg4 22.Rd5 Bxf3
23.gxf3 Qb4 24.Kf1 Bg5 25.Rcd1 Qxa5 26.Nxa5 f6 27.Rd7 Bf4 28.h3 a6 29.Ke2 h5
30.R1d6 Bc1 31.Nc4 Rab8 32.Rxa6 Ra8 33.Rxa8 Rxa8 34.a4 Rb8 35.a5  1-0

[Event "It"]
[Site "Pamplona ESP"]
[Date "2003.12.23"]
[Round "4"]
[White "Sutovsky,E"]
[Black "Romero Holmes,A"]
[Result "1-0"]
[WhiteElo "2646"]
[BlackElo "2544"]

1.e4 c5 2.Nf3 d6 3.Bb5+ Bd7 4.Bxd7+ Qxd7 5.O-O Nf6 6.e5 dxe5 7.Nxe5 Qc8 8.Qf3 g6
9.Re1 Bg7 10.d3 O-O 11.Nc3 Na6 12.Nc4 Nb4 13.Rxe7 Nxc2 14.Rb1 Re8 15.Rxe8+ Qxe8
16.Bg5 Qc6 17.Qxc6 bxc6 18.Bxf6 Bxf6 19.Ne4 Be7 20.Ne5 Nd4 21.Nd7 Ne6 22.Rc1 Rd8
23.Ne5 Nd4 24.Kf1 Rd5 25.Ng4 Kg7 26.Ne3 Rh5 27.h3 Ne6 28.Rc4 Bd8 29.Nd6 Rh4
30.Ndf5+  1-0

[Event "6th Masters"]
[Site "Belfort FRA"]
[Date "2003.12.24"]
[Round "10"]
[White "Hamdouchi,H"]
[Black "Fressinet,L"]
[Result "1/2-1/2"]
[WhiteElo "2588"]
[BlackElo "2654"]

1.e4 c5 2.Nf3 d6 3.Bb5+ Bd7 4.Bxd7+ Qxd7 5.O-O Nf6 6.Re1 Nc6 7.c3 e6 8.d4 cxd4
9.cxd4 d5 10.e5 Ne4 11.Nbd2 Nxd2 12.Bxd2 Be7 13.a3 O-O 14.Rc1 Rfc8 15.Qe2 Rc7
16.h4 Rac8 17.h5 h6  1/2-1/2

[Event "ch-Arab m"]
[Site "Cairo EGY"]
[Date "2003.12.24"]
[Round "5"]
[White "Belkhodja,S"]
[Black "Adly,A"]
[Result "1/2-1/2"]
[WhiteElo "2439"]
[BlackElo "2448"]

1.e4 c5 2.Nf3 d6 3.Bb5+ Nd7 4.d4 Nf6 5.O-O a6 6.Bxd7+ Nxd7 7.d5 g6 8.a4 Bg7
9.c4 O-O 10.Nc3 Nb6 11.Qd3 Bg4 12.Nd2 e5 13.dxe6 Bxe6 14.a5 Nd7  1/2-1/2

[Event "12th Donau Open"]
[Site "Aschach GER"]
[Date "2003.12.26"]
[Round "1"]
[White "Blasl,D"]
[Black "Butunoi,A"]
[Result "1/2-1/2"]
[WhiteElo "2119"]
[BlackElo "2380"]

1.e4 c5 2.Nf3 d6 3.Bb5+ Nc6 4.O-O Bd7 5.Re1 a6 6.Bf1 Bg4 7.c3 e5 8.h3 Bh5
9.a4 Nf6 10.d3 Be7 11.Nbd2 O-O 12.Nc4 h6 13.a5 Nh7 14.g4 Bg6 15.Qa4 h5 16.Nb6 Rb8
17.d4 exd4 18.cxd4 hxg4 19.hxg4 Ng5 20.Bxg5 Bxg5 21.dxc5 dxc5 22.Rad1 Nd4
23.Nxd4 cxd4 24.Qxd4 Qc7 25.Qd6 Qc2 26.Re2 Qb3 27.Qd5 Qxd5 28.Rxd5 Bf4 29.Nd7 Rbe8
30.f3 f6 31.Nxf8 Kxf8 32.Rc2 Ke7 33.Rd3 Bf7 34.g5 Rh8 35.Rdc3 Kd6 36.Rd3+ Ke7
37.Rdc3 Kd6 38.Rd3+ Ke7  1/2-1/2

[Event "24th Open"]
[Site "Bethune FRA"]
[Date "2003.12.26"]
[Round "1"]
[White "Wilson,A"]
[Black "Roger,M"]
[Result "1/2-1/2"]
[WhiteElo "2025"]
[BlackElo "2206"]

1.e4 c5 2.Nf3 d6 3.Bb5+ Bd7 4.Bxd7+ Qxd7 5.O-O Nc6 6.c4 g6 7.d4 cxd4 8.Nxd4 Bg7
9.Be3 Nf6 10.f3 O-O 11.Nc3 Rfe8 12.Qd2 a6 13.Rfd1 Ne5 14.b3 Rab8 15.Qe2 Qc7
16.Rac1 Qa5 17.Na4 Ned7 18.Bd2 Qh5 19.Qf2 Nc5 20.Nxc5 Qxc5 21.Be3 Qc7 22.Ne2 Nd7
23.Nf4 Qa5 24.Nd5 Nf6 25.Bb6 Qa3 26.Rc2 Nxd5 27.Rxd5 Rbc8 28.Qd2 Rc5 29.Bxc5 dxc5
30.e5 h5 31.Rd8 Rf8 32.Rxf8+ Bxf8 33.Rc1 Kh7 34.Rd1 Bh6 35.Qe2 e6 36.Kf2 Qa5
37.Rd7 Kg7 38.Rxb7 Qc3 39.Rd7 Bf4 40.Rd3 Qa1 41.Rd1 Qc3 42.Rd3 Qa1 43.Rd1  1/2-1/2

[Event "Open"]
[Site "Lilie Litomysl CZE"]
[Date "2003.12.27"]
[Round "3"]
[White "Schirmbeck,H"]
[Black "Kanovsky,D"]
[Result "0-1"]
[WhiteElo "2117"]
[BlackElo "2298"]

1.e4 c5 2.Nf3 d6 3.Bb5+ Nd7 4.c3 Nf6 5.Qe2 a6 6.Ba4 b5 7.Bc2 Bb7 8.O-O Qc7
9.d3 Rc8 10.Bg5 h6 11.Bd2 e6 12.Na3 Be7 13.Rac1 O-O 14.Bb1 Qb6 15.Ne1 Rfe8
16.Kh1 Bf8 17.f4 e5 18.Nf3 exf4 19.Bxf4 c4 20.d4 Nxe4 21.Bxe4 Rxe4 22.Be3 Rce8
23.Nc2 Nf6 24.Qd2 Nd5 25.Rce1 Qd8 26.Bf2 Rxe1 27.Rxe1 Rxe1+ 28.Bxe1 Qe7 29.Bg3 Qe4
30.Kg1 Nf6 31.Ne3 Qb1+ 32.Be1 Qxa2 33.Nf5 Qb1  0-1

[Event "It"]
[Site "Pamplona ESP"]
[Date "2003.12.27"]
[Round "6"]
[White "Sutovsky,E"]
[Black "Karjakin,Sergey"]
[Result "1-0"]
[WhiteElo "2646"]
[BlackElo "2562"]

1.e4 c5 2.Nf3 d6 3.Bb5+ Bd7 4.Bxd7+ Qxd7 5.O-O Nf6 6.e5 dxe5 7.Nxe5 Qc8 8.Qf3 e6
9.d3 Nbd7 10.Nc4 Nb6 11.Bf4 Nfd5 12.Be5 Qc6 13.Na5 Qd7 14.Na3 f6 15.Bg3 Be7
16.c4 Nb4 17.Nb5 O-O 18.Qxb7 Qxb7 19.Nxb7 e5 20.Na5 a6 21.Nc3 Nxd3 22.Nc6 Kf7
23.b3 Rac8 24.Nxe7 Kxe7 25.f4 exf4 26.Bxf4 Rfd8 27.Bg3 a5 28.Nb5 Rd7 29.Rf3 Rc6
30.Re3+ Kd8 31.Bd6 Ne5 32.Bxe5 fxe5 33.Rxe5 Re7 34.Rd1+ Ke8 35.Rf5 Ree6 36.Rdf1 Nd7
37.Nc3 Nf6 38.Nd5 Kf7 39.g4 h6 40.h4 Kg8 41.g5 hxg5 42.hxg5 Ne4 43.Kg2 Kh7
44.Nf4 Red6 45.Re5 Nd2 46.Rh1+ Kg8 47.Re8+ Kf7 48.Rhh8 g6 49.Nd5 Rd7 50.Ref8+  1-0

[Event "7th White Tower Open"]
[Site "Thessaloniki GRE"]
[Date "2003.12.27"]
[Round "8"]
[White "Zakarian,D"]
[Black "Vardakas,S"]
[Result "1-0"]
[WhiteElo "2246"]
[BlackElo "2055"]

1.e4 c5 2.Nf3 d6 3.Bb5+ Bd7 4.Bxd7+ Nxd7 5.O-O Ngf6 6.Re1 e6 7.c4 Be7 8.Nc3 O-O
9.d4 cxd4 10.Nxd4 a6 11.b3 Rc8 12.Bb2 Qb6 13.Qe2 Bd8 14.Red1 Ne5 15.Rac1 Qa7
16.Kh1 Ng6 17.Rc2 b6 18.Bc1 Qb7 19.Rf1 Ne8 20.f4 Bf6 21.Nf3 b5 22.e5 Be7
23.Be3 bxc4 24.bxc4 Qb4 25.Ne4 d5 26.Ned2 dxc4 27.Rb1 Qa4 28.Nxc4 Bc5 29.Rbc1 Bxe3
30.Qxe3 Rb8 31.h4 Ne7 32.Nd4 Nd5 33.Qf3 g6 34.h5 Nb4 35.Rb2  1-0

[Event "Christmas Open"]
[Site "Zurich SUI"]
[Date "2003.12.27"]
[Round "3"]
[White "Galdunts,S"]
[Black "Loetscher,R"]
[Result "1/2-1/2"]
[WhiteElo "2496"]
[BlackElo "2345"]

1.e4 c5 2.Nf3 d6 3.Bb5+ Bd7 4.Bxd7+ Qxd7 5.c4 Nf6 6.Nc3 Nc6 7.d4 cxd4 8.Nxd4 g6
9.f3 Nxd4 10.Qxd4 Bg7 11.Be3 O-O 12.Qd3 Rfc8 13.Rc1 Qc7 14.b3 Qa5 15.O-O a6
16.Rfd1 h5 17.a4 Kh7 18.Kh1 Bh6 19.Bxh6 Kxh6 20.Qe3+ Qg5 21.f4 Qh4 22.g3 Qxh2+
23.Kxh2 Ng4+ 24.Kg1 Nxe3 25.Rd3 Ng4 26.Nd5 Rab8 27.Rcd1 Re8 28.Nc7 Rec8 29.Nd5 Re8
30.Nc7 Rec8  1/2-1/2

[Event "2nd Open"]
[Site "Nantes FRA"]
[Date "2003.12.28"]
[Round "4"]
[White "Bagheri,A"]
[Black "Sasu Ducsoara,An"]
[Result "1-0"]
[WhiteElo "2541"]
[BlackElo "2182"]

1.e4 c5 2.Nf3 d6 3.Bb5+ Bd7 4.Bxd7+ Qxd7 5.O-O Nc6 6.c3 g6 7.d4 cxd4 8.cxd4 Bg7
9.Nc3 Nf6 10.h3 d5 11.e5 Ne4 12.Re1 Nxc3 13.bxc3 e6 14.h4 h6 15.h5 gxh5 16.Rb1 O-O-O
17.Bf4 Kb8 18.Nd2 Ka8 19.Qxh5 Rdg8 20.g3 f6 21.exf6 Bxf6 22.Nf3 Rh7 23.Kg2 Qc8
24.Re3 Ne7 25.Re2 a6 26.Rbe1 Ng6 27.Bd2 Nf8 28.Re3 Ka7 29.Bc1 Bg5 30.Rd3 Qc4
31.Ne5 Qxa2 32.Rf3 Bxc1 33.Rxc1 Qd2 34.Rb1 Qg5 35.Rf7  1-0

[Event "19th Winter Open"]
[Site "Nice FRA"]
[Date "2003.12.28"]
[Round "4"]
[White "Issermann,R"]
[Black "Hamdouchi,H"]
[Result "0-1"]
[WhiteElo "2273"]
[BlackElo "2588"]

1.e4 c5 2.Nf3 d6 3.Bb5+ Nd7 4.O-O Nf6 5.d4 a6 6.Bxd7+ Nxd7 7.Bg5 cxd4 8.Qxd4 f6
9.Be3 e6 10.Nbd2 Ne5 11.Nxe5 fxe5 12.Qc3 Bd7 13.f4 Rc8 14.Qb3 exf4 15.Rxf4 Qc7
16.Raf1 Be7 17.e5 d5 18.Bd4 Qxc2 19.Qg3 Qxd2 20.Qxg7 Bb5 21.Rf7 Qxd4+ 22.Kh1 Qh4  0-1

[Event "BC Masters"]
[Site "Bois Colombes FRA"]
[Date "2003.12.29"]
[Round "8"]
[White "Janev,E"]
[Black "Wirig,A"]
[Result "1/2-1/2"]
[WhiteElo "2423"]
[BlackElo "2424"]

1.e4 c5 2.Nf3 d6 3.Bb5+ Bd7 4.Bxd7+ Qxd7 5.O-O Nf6 6.Re1 Nc6 7.c3 e6 8.d3 Be7
9.Nbd2 Qc7 10.a3 O-O  1/2-1/2

[Event "Open"]
[Site "Lilie Litomysl CZE"]
[Date "2003.12.29"]
[Round "5"]
[White "Schirmbeck,H"]
[Black "Gross,S"]
[Result "1/2-1/2"]
[WhiteElo "2117"]
[BlackElo "2310"]

1.e4 c5 2.Nf3 d6 3.Bb5+ Bd7 4.Bxd7+ Qxd7 5.O-O Nf6 6.e5 dxe5 7.Nxe5 Qc7 8.d4 g6
9.Nc3 Bg7 10.Bf4 Qc8 11.Re1 cxd4 12.Qxd4 O-O 13.Qb4 e6 14.Bg5 Nc6 15.Qh4 Nxe5
16.Rxe5 Nd7 17.Re3 f6 18.Rh3 h5 19.Be3 Ne5 20.Bd4 Ng4 21.Re1 Qc4 22.Rd3 Rad8
23.b3 Qc6 24.Qg3 b6 25.Red1 e5 26.Be3 Rxd3 27.Rxd3 e4 28.Qd6 Rc8 29.Qxc6 Rxc6
30.Rd8+ Kh7 31.Bd4 Nh6 32.g3 Nf5 33.Nxe4 Nxd4 34.Rxd4 Rxc2 35.Rd7 Rxa2 36.Nxf6+ Kh6
37.Ng8+ Kh7  1/2-1/2

[Event "19th Winter Open"]
[Site "Nice FRA"]
[Date "2003.12.29"]
[Round "6"]
[White "Hamdouchi,H"]
[Black "Abergel,T"]
[Result "0-1"]
[WhiteElo "2588"]
[BlackElo "2430"]

1.e4 c5 2.Nf3 d6 3.Bb5+ Nd7 4.O-O a6 5.Bxd7+ Bxd7 6.d4 cxd4 7.Qxd4 e5 8.Qd3 h6
9.c4 Nf6 10.Nc3 Be7 11.a4 O-O 12.b3 Be6 13.Ba3 Qa5 14.Rfc1 Rfc8 15.Nd5 Bxd5
16.cxd5 Nd7 17.Nd2 b5 18.Rc6 Nc5 19.Bxc5 dxc5 20.Nf1 Rxc6 21.dxc6 Rd8 22.Qh3 bxa4
23.Rxa4 Qb6 24.c7 Qxc7 25.Rxa6 Qb7 26.Ra4 Rd1 27.Qc3 Bf8 28.Qc2 Re1 29.g3 Qb5
30.Qc4 Qd7 31.Kg2 Rd1 32.Ra8 Qc6 33.Ra7 Qg6 34.Ra6 Qh7 35.Ra8 Qg6 36.Ra6 Qh7
37.Ra4 h5 38.h4 g5 39.hxg5 h4 40.Ne3 hxg3 41.Nxd1 Qh2+ 42.Kf3 g2 43.g6 Qh3+
44.Ke2 Qg4+ 45.f3 Qxg6 46.Ra6 Qg7  0-1

[Event "Hilton Chess Festival"]
[Site "Basel SUI"]
[Date "2004.01.02"]
[Round "3"]
[White "Velicka,P"]
[Black "Perez,Jos SUI"]
[Result "0-1"]
[WhiteElo "2458"]
[BlackElo "2203"]

1.e4 c5 2.Nf3 d6 3.Bb5+ Bd7 4.Bxd7+ Qxd7 5.c4 Nf6 6.Nc3 g6 7.d4 cxd4 8.Nxd4 Bg7
9.f3 O-O 10.b3 e6 11.Bg5 h6 12.Bxf6 Bxf6 13.O-O Nc6 14.Nde2 Rfd8 15.Rb1 Qc7
16.Qd2 Qa5 17.Rfd1 Bg7 18.Kh1 Qh5 19.Qe3 Rac8 20.f4 Qc5 21.Qxc5 dxc5 22.e5 Rxd1+
23.Rxd1 Rd8 24.Rxd8+ Nxd8 25.Ne4 Bf8 26.Nf6+ Kg7 27.Nc3 Be7 28.Nd7 Nc6 29.g4 g5
30.f5 Nxe5 31.Nxe5 Bf6 32.fxe6 fxe6 33.Nd7 Bxc3 34.Nxc5 b6 35.Nxe6+ Kf6 36.Nc7 Bb2
37.Kg2 Ke5 38.Kf3 a5 39.Nb5 Bd4 40.Na3 Bg1 41.h3 Kd4 42.Nb5+ Kd3 43.Nd6 Bc5
44.Nf7 Bf8 45.Ne5+ Kd4 46.Nd7 Bc5 47.Ke2 Kc3 48.Nf6 Bd4 49.Ne4+ Kc2  0-1

[Event "Hilton Chess Festival"]
[Site "Basel SUI"]
[Date "2004.01.03"]
[Round "6"]
[White "Drabke,L"]
[Black "Perez,Jos SUI"]
[Result "1/2-1/2"]
[WhiteElo "2439"]
[BlackElo "2203"]

1.e4 c5 2.Nf3 d6 3.Bb5+ Bd7 4.Bxd7+ Qxd7 5.c4 Nf6 6.Nc3 g6 7.O-O Bg7 8.d4 cxd4
9.Nxd4 O-O 10.f3 Rc8 11.b3 d5  1/2-1/2

[Event "Hilton Chess Festival"]
[Site "Basel SUI"]
[Date "2004.01.04"]
[Round "7"]
[White "Velicka,P"]
[Black "Vulevic,V"]
[Result "1-0"]
[WhiteElo "2458"]
[BlackElo "2275"]

1.e4 c5 2.Nf3 d6 3.Bb5+ Bd7 4.Bxd7+ Qxd7 5.c4 Nc6 6.d4 cxd4 7.Nxd4 Nf6 8.Nc3 e6
9.O-O Be7 10.Be3 O-O 11.Qe2 Rfe8 12.Rad1 Nxd4 13.Bxd4 Qc6 14.f4 Nd7 15.Kh1 a6
16.a4 Rac8 17.b3 Bf8 18.Qf3 Nc5 19.Rb1 Nd7 20.f5 Qc7 21.fxe6 fxe6 22.Qf7+ Kh8
23.Rbd1 Rcd8 24.Rd3 Qc6 25.Rh3 Ne5 26.Bxe5 dxe5 27.Rxh7+  1-0